The Raven Rhymes Quiz Stats

 Plays Quiz Updated Dec 18, 2019

     
Support Sporcle.
Go Orange.
Score 0/19 Timer 04:00
0 Plays Today
Word % Correct
More
87.9%
Door
84.3%
Lore
70.1%
Bore
58.3%
Lenore
56.5%
Core
56%
Floor
53%
Wore
44.5%
Store
42.7%
Shore
42.3%
Word % Correct
Evermore
40.6%
Yore
39.7%
Outpour
35.2%
Before
33.6%
Implore
22.6%
Adore
21.9%
Explore
14.2%
O'er
11.9%
Ashore
8.4%

From the Vault

NBA Draft Class Top Scorers

by jsnellerwm

Sports 10m
The best of the modern golden age!
Remove Ads.
Support Sporcle.
Get the best of Sporcle when you Go Orange. This ad-free experience offers more features, more stats, and more fun while also helping to support Sporcle. Thank you for becoming a member.

Show Comments

Extras

Top Quizzes Today


Score Distribution

Your Account Isn't Verified!

In order to create a playlist on Sporcle, you need to verify the email address you used during registration. Go to your Sporcle Settings to finish the process.

Report this User

Report this user for behavior that violates our Community Guidelines.

Details: